Viva baseball! : Latin major leaguers and their special hunger /

Bibliographic Details
Main Author: Regalado, Samuel O. (Samuel Octavio), 1953-
Format: Book
Language:English
Published: Urbana : University of Illinois Press, [1998]
Series:Sport and society.
Subjects:

MARC

Tag First Indicator Second Indicator Subfields
LEADER 00000cam a2200000 a 4500
001 in00001406733
005 20151020072905.0
008 970522s1998 iluab b s001 0deng
010 |a  97021066  
020 |a 0252023722 (cloth : acid-free paper) 
020 |a 0252067126 (pbk. : acid-free paper) 
035 |a (OCoLC)36977217 
035 |9 AHQ3688AM 
040 |a DLC  |c DLC  |d TXA  |d UtOrBLW 
043 |a n-us---  |a cl----- 
049 |a TXAM 
050 0 0 |a GV865.A1  |b R38 1998 
082 0 0 |a 796.357/64/098  |2 21 
100 1 |a Regalado, Samuel O.  |q (Samuel Octavio),  |d 1953- 
245 1 0 |a Viva baseball! :  |b Latin major leaguers and their special hunger /  |c Samuel O. Regalado. 
264 1 |a Urbana :  |b University of Illinois Press,  |c [1998] 
264 4 |c ©1998 
300 |a xvi, 224 pages :  |b illustrations, maps ;  |c 25 cm. 
336 |a text  |b txt  |2 rdacontent 
337 |a unmediated  |b n  |2 rdamedia 
338 |a volume  |b nc  |2 rdacarrier 
490 1 |a Sport and society 
504 |a Includes bibliographical references (pages [207]-216) and index. 
505 0 |a That special hunger -- Beginnings -- Béisbol in El Norte -- In las grandes ligas -- What kind of country is this? -- Strangers in the land -- Nobody cares about us -- Pepper blood -- Adios amigo Roberto -- Fernandomania -- The spirit of the Latin. 
650 0 |a Hispanic American baseball players  |x Biography. 
650 0 |a Baseball players  |z Latin America  |x Biography. 
830 0 |a Sport and society. 
948 |a c:dm 
999 |a MARS 
999 f f |s 56ea6890-0062-3107-95b8-c82495f4f71d  |i 31ecc913-6d39-37ea-9b5e-370d94c6da00  |t 0 
952 f f |p normal  |a Texas A&M University  |b College Station  |c Sterling C. Evans Library  |d Evans: Library Stacks  |t 0  |e GV865.A1 R38 1998  |h Library of Congress classification  |i unmediated -- volume  |m A14823326650 
998 f f |a GV865.A1 R38 1998  |t 0  |l Evans: Library Stacks